| 000 | 00000nam##2200000za#4500 |
| 001 | 9.697923 |
| 003 | CaOODSP |
| 005 | 20210624235710 |
| 007 | cr ||||||||||| |
| 008 | 150407|2001||||xxc|||||o f|0| 0 eng|d |
| 040 | |aCaOODSP|beng |
| 043 | |an-cn--- |
| 086 | 1 |aEn4-164/2001E-PDF |
| 110 | 1 |aCanada. |bEnvironment Canada. |bAudit and Evaluation Branch. |
| 245 | 10|aFollow-up of the financial management audit NCR |h[electronic resource] |
| 260 | |aGatineau - Quebec : |bEnvironment Canada. |cJune 2001. |
| 300 | |a9p.|btables |
| 590 | |a13-14-Supp|b2013-05-30 |
| 775 | 08|tSuivi de la vérification de la gestion financière RCN |w(CaOODSP)9.641909 |
| 856 | 40|ahttp://publications.gc.ca|qPDF|s51 KB|uhttps://publications.gc.ca/collections/collection_2013/ec/En4-164-2001-eng.pdf |